| 000 | 00585nam a2200133Ia 4500 | ||
|---|---|---|---|
| 008 | 171212s9999 xx 000 0 und d | ||
| 020 | _a9780833081339 | ||
| 100 | _aConnor, Kathryn;Dryden, James | ||
| 245 |
_cConnor, Kathryn;Dryden, James _aNew Approaches to Defense Inflation and Discounting |
||
| 260 |
_bRAND Corporation _c2013 |
||
| 650 | _aHistory | ||
| 650 | _aUnited States -- Armed Forces -- Weapons systems -- Costs; United States. Department of Defense -- Appropriations and expenditures -- Effect of inflation on | ||
| 856 | _uhttp://www.jstor.org/stable/10.7249/j.ctt5hhsk2 | ||
| 999 |
_c352362 _d352362 |
||